[Event "Hyderabad Singh Ji Memorial"]
[Site "Hyderabad"]
[Date "2023.01.11"]
[Round "3"]
[White "Raghul Saro, S."]
[Black "Chakravarthi, Reddy M"]
[Result "0-1"]
[WhiteElo "1580"]
[BlackElo "2289"]
[PlyCount "80"]
[EventDate "2023.01.10"]
[EventType "swiss"]
[EventRounds "9"]
[EventCountry "IND"]
[SourceTitle "CBM 212 Extra"]
[Source "ChessBase"]
[SourceDate "2023.03.31"]
[SourceVersion "1"]
[SourceVersionDate "2023.03.31"]
[SourceQuality "1"]

1. Nf3 d5 2. g3 c5 3. Bg2 Nc6 4. 0-0 e5 5. d3 Nf6 6. Nbd2 Be7 7. e4 0-0 8. Re1 d4 9. Nh4 g6 10. Nf1 Be6 11. Bh6 Re8 12. f4 Ng4 13. f5 Nxh6 14. fxe6 Bxh4 15. exf7+ Nxf7 16. gxh4 Qxh4 17. Qf3 Nd6 18. Qg3 Qxg3 19. Nxg3 c4 20. a3 Rac8 21. Bh3 Rc7 22. Rf1 Kg7 23. Rf2 Nd8 24. Raf1 N6f7 25. Rg2 Kh8 26. Bg4 cxd3 27. cxd3 Ng5 28. Ne2 Nge6 29. Rc1 Ree7 30. Rf2 Kg7 31. Rff1 Nc5 32. Rf3 Nb3 33. Rxc7 Rxc7 34. Ng3 h5 35. Bh3 h4 36. Nh1 Nf7 37. Bg4 Nc1 38. Rh3 Ng5 39. Rxh4 Nxd3 40. Nf2 Rc1+ 0-1